| 000 | 00400nam a2200145Ia 4500 | ||
|---|---|---|---|
| 008 | 210210b1992 xxu||||| |||| 00| 0 eng d | ||
| 082 | _a809.88914 SAHM | ||
| 100 | _aSAHITYA AKADEMI | ||
| 245 | _aModern India Lliterature: an anthology. 3V. V3- plays & prose. | ||
| 260 |
_aNew Delhi. _bSahitya Akademi _c1992 |
||
| 300 | _axvi,727 | ||
| 440 | _a3 | ||
| 690 | _aIndian Literature | ||
| 906 | _a051840 | ||
| 999 |
_c100063 _d100063 |
||